Normal view
MARC view
- Hensey, Paul
Entry Personal Name
001 - CONTROL NUMBER
- control field: 121069
003 - CONTROL NUMBER IDENTIFIER
- control field: NUST
005 - DATE AND TIME OF LATEST TRANSACTION
- control field: 20240222110503.0
008 - FIXED-LENGTH DATA ELEMENTS
- fixed length control field: 240222|| aca||aabn | a|a d
040 ## - CATALOGING SOURCE
- Original cataloging agency: NUST
- Transcribing agency: NUST
100 ## - HEADING--PERSONAL NAME
- Personal name: Hensey, Paul
670 ## - SOURCE DATA FOUND
- Source citation: Work cat.: (NUST): Hensey, Paul, author., Construction detailing for landscape and garden design :, 2016.
